[Event "Oberliga Sued W 1718"]
[Site "Germany"]
[Date "2017.12.10"]
[Round "6.8"]
[White "Siebert, Viktor"]
[Black "Roj, Michaela"]
[Result "1-0"]
[WhiteElo "2074"]
[BlackElo "1936"]
[PlyCount "73"]
[EventDate "2017.09.10"]
[EventType "team-tourn"]
[EventRounds "11"]
[EventCountry "GER"]
[SourceTitle "EXT 2019"]
[Source "ChessBase"]
[SourceDate "2018.10.10"]
[SourceVersion "1"]
[SourceVersionDate "2018.10.10"]
[SourceQuality "1"]
[WhiteTeam "Illingen Turm"]
[BlackTeam "Trier"]
[WhiteTeamCountry "GER"]
[BlackTeamCountry "GER"]

1. e4 e5 2. Nf3 Nc6 3. Bb5 a6 4. Ba4 Nf6 5. 0-0 Nxe4 6. Re1 b5 7. Bb3 d5 8. d3 Nf6 9. Nxe5 Nxe5 10. Rxe5+ Be6 11. Bg5 Be7 12. Nd2 0-0 13. Nf1 c5 14. c3 c4 15. Bc2 Qc7 16. d4 Rfd8 17. Qe2 Ra7 18. Re1 h6 19. Bh4 Bd6 20. Bxf6 gxf6 21. Rh5 Kg7 22. g3 Raa8 23. Qd2 Rh8 24. Ne3 Rag8 25. Nxd5 Bxd5 26. Rxd5 h5 27. Qe2 h4 28. Rh5 hxg3 29. hxg3 Rxh5 30. Qxh5 Rh8 31. Qg4+ Kf8 32. Qf3 Be7 33. Bf5 Qd6 34. Kg2 Qc7 35. Qa8+ Kg7 36. Qe4 a5 37. Qxe7 1-0

[Event "Oberliga Sued W 1415"]
[Site "Germany"]
[Date "2015.03.15"]
[Round "8.8"]
[White "Klein, Christoph"]
[Black "Siebert, Viktor"]
[Result "1/2-1/2"]
[WhiteElo "2127"]
[BlackElo "2073"]
[PlyCount "70"]
[EventDate "2014.09.21"]
[EventType "team-tourn"]
[EventRounds "9"]
[EventCountry "GER"]
[SourceTitle "EXT 2019"]
[Source "ChessBase"]
[SourceDate "2018.10.10"]
[SourceVersion "1"]
[SourceVersionDate "2018.10.10"]
[SourceQuality "1"]
[WhiteTeam "Heidesheim"]
[BlackTeam "Illingen Turm"]
[WhiteTeamCountry "GER"]
[BlackTeamCountry "GER"]

1. e4 e5 2. Nf3 Nc6 3. Nc3 Nf6 4. Bb5 Nd4 5. Ba4 Nxf3+ 6. Qxf3 c6 7. 0-0 d6 8. h3 Be7 9. d3 0-0 10. Be3 a5 11. Bb3 b5 12. a3 Be6 13. Bxe6 fxe6 14. Qe2 Qe8 15. f4 exf4 16. Rxf4 b4 17. Na4 c5 18. b3 Nd7 19. Rxf8+ Bxf8 20. axb4 axb4 21. Rf1 Nf6 22. Bg5 Nd7 23. Bf4 Qg6 24. Qf3 e5 25. Be3 Be7 26. Qf5 Qxf5 27. Rxf5 Ra6 28. Kf1 Nb6 29. Nxb6 Rxb6 30. Ke2 Ra6 31. Rf1 Ra2 32. Kd2 Bh4 33. g4 h6 34. Kd1 Be7 35. Kd2 Bh4 1/2-1/2

[Event "Oberliga Sued W 1011"]
[Site "Germany"]
[Date "2011.01.16"]
[Round "5.7"]
[White "Silber, Gerhard"]
[Black "Siebert, Viktor"]
[Result "1-0"]
[WhiteElo "2129"]
[BlackElo "1990"]
[PlyCount "109"]
[EventDate "2010.10.10"]
[EventType "team-tourn"]
[EventRounds "9"]
[EventCountry "GER"]
[SourceTitle "EXT 2012"]
[Source "ChessBase"]
[SourceDate "2011.11.24"]
[SourceVersion "1"]
[SourceVersionDate "2011.11.24"]
[SourceQuality "1"]
[WhiteTeam "Landau"]
[BlackTeam "Illingen"]
[WhiteTeamCountry "GER"]
[BlackTeamCountry "GER"]

1. d4 d5 2. c4 e6 3. Nc3 Nf6 4. Bg5 Nbd7 5. e3 Be7 6. Nf3 c6 7. Rc1 0-0 8. Bd3 dxc4 9. Bxc4 Nd5 10. Bxe7 Qxe7 11. 0-0 Nxc3 12. Rxc3 e5 13. dxe5 Nxe5 14. Nxe5 Qxe5 15. f4 Qe8 16. f5 b5 17. Be2 b4 18. Rb3 a5 19. Qd4 Qd8 20. Qc5 Qd5 21. Qxd5 cxd5 22. g4 Bd7 23. Rd3 Bb5 24. Rd2 Bxe2 25. Rxe2 Rfe8 26. Rf4 Kf8 27. Kf2 Rac8 28. Kf3 f6 29. Rd4 Re5 30. Red2 Rc5 31. a3 bxa3 32. bxa3 Kf7 33. Kf4 g5+ 34. Kf3 Rc3 35. R4d3 Rc5 36. Rb2 Re7 37. Rb6 Re5 38. Rdb3 Rc1 39. Rb7+ Re7 40. Rxe7+ Kxe7 41. Rb7+ Kd6 42. Rf7 Rf1+ 43. Ke2 Ra1 44. Rxf6+ Ke7 45. Rh6 Rxa3 46. Rxh7+ Kf6 47. Rh6+ Ke7 48. h4 gxh4 49. Rxh4 d4 50. exd4 Rg3 51. Kf2 Rd3 52. g5 a4 53. f6+ Ke6 54. Re4+ Kf5 55. f7 1-0

[Event "Oberliga Sued W 1011"]
[Site "Germany"]
[Date "2010.10.10"]
[Round "1.8"]
[White "Siebert, Viktor"]
[Black "Schluchter, Steffen"]
[Result "1/2-1/2"]
[WhiteElo "1990"]
[BlackElo "2068"]
[PlyCount "122"]
[EventDate "2010.10.10"]
[EventType "team-tourn"]
[EventRounds "9"]
[EventCountry "GER"]
[SourceTitle "EXT 2012"]
[Source "ChessBase"]
[SourceDate "2011.11.24"]
[SourceVersion "1"]
[SourceVersionDate "2011.11.24"]
[SourceQuality "1"]
[WhiteTeam "Illingen"]
[BlackTeam "Mutterstadt"]
[WhiteTeamCountry "GER"]
[BlackTeamCountry "GER"]

1. e4 c6 2. d4 d5 3. Nc3 dxe4 4. Nxe4 Nf6 5. Ng3 h5 6. Bc4 h4 7. N3e2 Bg4 8. h3 Bh5 9. Nf3 Bxf3 10. gxf3 e6 11. Be3 Qa5+ 12. c3 Nbd7 13. Qc2 Qh5 14. 0-0-0 Nd5 15. Bxd5 cxd5 16. Nf4 Qxf3 17. Qa4 a6 18. Rhg1 Bd6 19. Nd3 g6 20. Nc5 b5 21. Qc2 Qxh3 22. Nb7 Bc7 23. Rxg6 Qf3 24. Rgg1 h3 25. Rde1 h2 26. Rh1 Nf6 27. Nc5 Ke7 28. Nd3 Rag8 29. Ne5 Qxh1 30. Rxh1 Rg1+ 31. Qd1 Rxd1+ 32. Kxd1 Ne4 33. Ke2 Rh5 34. Bf4 f6 35. Ng6+ Kd8 36. Bxc7+ Kxc7 37. Nf4 Rf5 38. Nd3 Rh5 39. Nf4 Rh4 40. Nxe6+ Kd6 41. Ng7 Rh3 42. Nf5+ Ke6 43. Ne3 a5 44. Nf1 a4 45. a3 Nxc3+ 46. bxc3 Rxc3 47. Nxh2 Rxa3 48. Rb1 Kf5 49. Rxb5 Ke4 50. Ng4 Ra2+ 51. Kd1 f5 52. Ne3 Rxf2 53. Nxd5 a3 54. Ra5 Kxd4 55. Nb4 Kc3 56. Rxa3+ Kxb4 57. Ke1 Rh2 58. Ra8 Kc3 59. Rf8 Rh5 60. Rd8 Rh4 61. Ke2 Rd4 1/2-1/2

[Event "Saarland-ch MA 85th"]
[Site "Homburg"]
[Date "2010.04.02"]
[Round "8"]
[White "Gress, Alexander"]
[Black "Siebert, Viktor"]
[Result "1/2-1/2"]
[WhiteElo "2016"]
[BlackElo "2061"]
[PlyCount "102"]
[EventDate "2010.03.27"]
[EventType "swiss"]
[EventRounds "9"]
[EventCountry "GER"]
[SourceTitle "EXT 2011"]
[Source "ChessBase"]
[SourceDate "2010.11.26"]
[SourceVersion "1"]
[SourceVersionDate "2010.11.26"]
[SourceQuality "1"]

1. e4 e5 2. Nf3 Nc6 3. Bc4 Nf6 4. Ng5 d5 5. exd5 Nd4 6. c3 b5 7. Bf1 Nxd5 8. cxd4 Qxg5 9. Bxb5+ Bd7 10. Bxd7+ Kxd7 11. 0-0 Nf4 12. Qf3 e4 13. Qxe4 Bd6 14. Nc3 Qh5 15. h4 Rhe8 16. Qf3 Qxf3 17. gxf3 Ng6 18. h5 Nh4 19. Nb5 Nxf3+ 20. Kg2 Ne1+ 21. Kh3 Nd3 22. Nxd6 cxd6 23. b3 Re2 24. Kg3 Rae8 25. f3 f5 26. Rg1 g5 27. hxg6 hxg6 28. Ba3 Rxd2 29. Rad1 Ree2 30. Rxd2 Rxd2 31. Rh1 f4+ 32. Kh4 Rg2 33. Rd1 Nf2 34. Re1 g5+ 35. Kh5 g4 36. fxg4 Nxg4 37. Rf1 Nf6+ 38. Kh4 Nd5 39. Bc1 Rxa2 40. Bxf4 Nxf4 41. Rxf4 Kc6 42. Rf5 Rb2 43. Ra5 Rxb3 44. Kg4 Rb7 45. Kf4 Re7 46. Kf3 Kb6 47. Rd5 Re6 48. Kf4 Kc6 49. Ra5 Re7 50. Kf3 Kb6 51. Rd5 Kc6 1/2-1/2

[Event "Saarland-ch MA 85th"]
[Site "Homburg"]
[Date "2010.03.27"]
[Round "1"]
[White "Braun, Burkhard"]
[Black "Siebert, Viktor"]
[Result "1-0"]
[WhiteElo "1929"]
[BlackElo "2061"]
[PlyCount "89"]
[EventDate "2010.03.27"]
[EventType "swiss"]
[EventRounds "9"]
[EventCountry "GER"]
[SourceTitle "EXT 2011"]
[Source "ChessBase"]
[SourceDate "2010.11.26"]
[SourceVersion "1"]
[SourceVersionDate "2010.11.26"]
[SourceQuality "1"]

1. e4 e5 2. Nc3 Nf6 3. Bc4 Be7 4. d3 c6 5. a3 0-0 6. Nge2 d5 7. exd5 cxd5 8. Ba2 Nc6 9. 0-0 Be6 10. Ng3 Rc8 11. f4 exf4 12. Rxf4 Bd6 13. Ra4 b5 14. Rh4 b4 15. axb4 Nxb4 16. Bb3 Be7 17. Rf4 a5 18. Nf5 Bxf5 19. Rxf5 Nc6 20. Nxd5 Nxd5 21. Rxd5 Qb6+ 22. Kh1 Bf6 23. Ra4 Nb4 24. Rf5 Rfe8 25. Bd2 Re5 26. Rf4 Rce8 27. d4 Re2 28. Bc4 Qc6 29. Bxe2 Qxa4 30. b3 Qc6 31. Bc4 Qd6 32. c3 Nd5 33. Rf3 Nb6 34. Bf4 Qd8 35. Bb5 Re7 36. Re3 Nd5 37. Rxe7 Qxe7 38. Bd2 Bh4 39. Qe2 Qd8 40. Qe8+ Qxe8 41. Bxe8 Kf8 42. Bc6 Ne7 43. Bb7 Nf5 44. Bf4 Be7 45. Bc7 1-0

[Event "Saarland-ch MA"]
[Site "Schiffweiler"]
[Date "2009.04.08"]
[Round "6"]
[White "Spengler, Hanno"]
[Black "Siebert, Viktor"]
[Result "1-0"]
[WhiteElo "2076"]
[BlackElo "2113"]
[PlyCount "115"]
[EventDate "2009.04.03"]
[EventType "swiss"]
[EventRounds "9"]
[EventCountry "GER"]
[SourceTitle "EXT 2012"]
[Source "ChessBase"]
[SourceDate "2011.11.24"]
[SourceVersion "1"]
[SourceVersionDate "2011.11.24"]
[SourceQuality "1"]

1. e4 e5 2. Nf3 Nc6 3. Bc4 Nf6 4. d3 Be7 5. 0-0 0-0 6. Re1 d6 7. c3 Na5 8. Bb5 a6 9. Ba4 Bd7 10. Bc2 Nc6 11. Nbd2 h6 12. Nf1 Nh7 13. Ne3 Ng5 14. Nd2 g6 15. Nd5 Kg7 16. Nf1 Ne6 17. Nxe7 Nxe7 18. d4 Ng8 19. dxe5 dxe5 20. Qd5 Bc6 21. Qxe5+ Qf6 22. Qxf6+ Nxf6 23. f3 Nh5 24. Be3 Nhf4 25. Rad1 Rfd8 26. Ng3 Bb5 27. a4 Bd3 28. Bb3 c5 29. Bxe6 Nxe6 30. Rd2 b5 31. Ra1 bxa4 32. Rxa4 Bb5 33. Ra1 Rxd2 34. Bxd2 Rd8 35. Be3 Bc4 36. f4 Rb8 37. f5 Nc7 38. Bf4 Rc8 39. Rd1 Ne8 40. Rd7 h5 41. h4 Kg8 42. e5 Ng7 43. fxg6 fxg6 44. Ne4 Nf5 45. Nf6+ Kf8 46. b4 cxb4 47. cxb4 Be6 48. Ra7 Rc4 49. Bd2 Rc2 50. Bg5 Rb2 51. Nh7+ Ke8 52. Rxa6 Rb1+ 53. Kh2 Bc4 54. Ra7 Rxb4 55. Nf6+ Kf8 56. Bc1 Rb3 57. Ba3+ Rxa3 58. Rxa3 1-0

[Event "Saarland-ch MB"]
[Site "Heusweiler"]
[Date "2007.04.03"]
[Round "5"]
[White "Wolf, Ulrich1"]
[Black "Siebert, Viktor"]
[Result "0-1"]
[WhiteElo "2118"]
[BlackElo "2113"]
[PlyCount "146"]
[EventDate "2007.03.30"]
[EventType "swiss"]
[EventRounds "9"]
[EventCountry "GER"]
[SourceTitle "EXT 2008"]
[Source "ChessBase"]
[SourceDate "2007.11.25"]
[SourceVersion "1"]
[SourceVersionDate "2007.11.25"]
[SourceQuality "1"]

1. e4 e5 2. Nf3 Nc6 3. d4 exd4 4. Nxd4 Qf6 5. Be3 Bc5 6. c3 Nge7 7. Bc4 Bb6 8. 0-0 0-0 9. f4 d6 10. Qd2 Nxd4 11. cxd4 Nc6 12. e5 dxe5 13. fxe5 Qd8 14. e6 Bxe6 15. d5 Bxd5 16. Qxd5 Bxe3+ 17. Kh1 Qxd5 18. Bxd5 Rad8 19. Nc3 Bd4 20. Rad1 Bxc3 21. bxc3 Rd6 22. h3 b6 23. c4 Ne7 24. Rfe1 Nxd5 25. Rxd5 Rxd5 26. cxd5 Rc8 27. Rc1 Kf8 28. d6 c5 29. Re1 Rd8 30. Re7 Rxd6 31. Rxa7 Rc6 32. Ra3 c4 33. Rc3 b5 34. a3 Ke7 35. Kg1 Kd6 36. Kf2 Kc5 37. Ke2 Rd6 38. Rf3 f6 39. Re3 Rd7 40. Re8 Ra7 41. Rc8+ Kd4 42. Rb8 Rxa3 43. Rxb5 Ra2+ 44. Kf3 c3 45. Rb7 Ra5 46. Ke2 Re5+ 47. Kd1 Rg5 48. Rd7+ Ke3 49. g4 Ke4 50. Kc2 f5 51. Re7+ Kf4 52. Rf7 g6 53. gxf5 gxf5 54. Rxh7 Rg3 55. h4 Rh3 56. Rg7 Rxh4 57. Kxc3 Kf3 58. Kd3 Rh2 59. Rg8 f4 60. Rf8 Ra2 61. Rf7 Ra8 62. Kd2 Re8 63. Kd1 Kg3 64. Rg7+ Kf2 65. Rf7 Rd8+ 66. Kc2 f3 67. Rg7 Kf1 68. Rf7 f2 69. Rg7 Rd5 70. Rg8 Ke2 71. Re8+ Kf3 72. Rf8+ Ke3 73. Kc3 Rc5+ 0-1

[Event "Saarland-ch MB"]
[Site "Heusweiler"]
[Date "2007.03.30"]
[Round "1"]
[White "Hauer, Andreas"]
[Black "Siebert, Viktor"]
[Result "1/2-1/2"]
[WhiteElo "1897"]
[BlackElo "2113"]
[PlyCount "68"]
[EventDate "2007.03.30"]
[EventType "swiss"]
[EventRounds "9"]
[EventCountry "GER"]
[SourceTitle "EXT 2008"]
[Source "ChessBase"]
[SourceDate "2007.11.25"]
[SourceVersion "1"]
[SourceVersionDate "2007.11.25"]
[SourceQuality "1"]

1. e4 e5 2. Nf3 Nc6 3. d4 exd4 4. Nxd4 d6 5. Bb5 Bd7 6. Nxc6 bxc6 7. Bd3 Nf6 8. 0-0 Be7 9. b3 0-0 10. Bb2 Ng4 11. h3 Ne5 12. f4 Nxd3 13. Qxd3 Re8 14. Qg3 Bf8 15. Nd2 d5 16. f5 f6 17. e5 Be7 18. Rae1 c5 19. e6 Bc6 20. c4 d4 21. Ne4 a5 22. a4 Rb8 23. Bc1 Kh8 24. Qd3 Rb7 25. Bd2 Qa8 26. Rf3 Rb6 27. Bf4 Qb7 28. Rg3 Bxe4 29. Qxe4 Qxe4 30. Rxe4 Bd6 31. Bxd6 Rxd6 32. Rd3 Kg8 33. Kf2 Kf8 34. Ke2 Rb6 1/2-1/2

[Event "Saarland-ch MB1"]
[Site "Saarlouis Steinrausch"]
[Date "2005.03.22"]
[Round "5"]
[White "Alt, Hans Juergen"]
[Black "Siebert, Viktor"]
[Result "1-0"]
[WhiteElo "1967"]
[BlackElo "1934"]
[PlyCount "157"]
[EventDate "2005.03.18"]
[EventType "tourn"]
[EventRounds "9"]
[EventCountry "GER"]
[SourceTitle "EXT 2012"]
[Source "ChessBase"]
[SourceDate "2011.11.24"]
[SourceVersion "1"]
[SourceVersionDate "2011.11.24"]
[SourceQuality "1"]

1. d4 d5 2. Nf3 Nf6 3. g3 c6 4. Bg2 e6 5. c4 Be7 6. Nc3 Nbd7 7. 0-0 0-0 8. b3 Re8 9. Bb2 Rb8 10. Qc2 h6 11. Rfd1 Qa5 12. e4 dxe4 13. Nxe4 Nxe4 14. Qxe4 Nf6 15. Qf4 Bd7 16. Ne5 Ba3 17. Qc1 Bxb2 18. Qxb2 Rbd8 19. Qd2 Qxd2 20. Rxd2 Bc8 21. Rad1 Kf8 22. f4 Nd7 23. Nd3 Nf6 24. Ne5 Nd7 25. Kf2 Nxe5 26. dxe5 Rxd2+ 27. Rxd2 Ke7 28. c5 Bd7 29. b4 Rb8 30. a3 Kd8 31. Ke3 Kc7 32. Bf3 a5 33. Rb2 axb4 34. Rxb4 Ra8 35. a4 Be8 36. Bd1 Bd7 37. Bh5 Be8 38. Bd1 Bd7 39. Kd3 Be8 40. Bh5 Rd8+ 41. Rd4 Rd5 42. Kc4 Rxd4+ 43. Kxd4 g6 44. Bf3 Bd7 45. a5 Kd8 46. Be2 Bc8 47. Ke4 Ke7 48. Bd3 Ke8 49. Kd4 Kd8 50. Kc3 Kc7 51. Kb4 Kb8 52. Be2 Ka7 53. h4 Bd7 54. h5 Be8 55. Bd3 Kb8 56. a6 Ka7 57. Ka5 bxa6 58. Bxa6 Bd7 59. Bc4 Kb7 60. Bd3 Be8 61. Ba6+ Kc7 62. Bc4 Bd7 63. Ka6 Bc8+ 64. Ka7 Bd7 65. Be2 Be8 66. Bf3 Bd7 67. Be4 Be8 68. Ka6 gxh5 69. Bf3 f5 70. exf6 Bg6 71. Ka7 Be8 72. Be4 Bf7 73. Bh7 Kd7 74. Kb6 h4 75. gxh4 Bh5 76. Be4 Ke8 77. Kxc6 Kf7 78. Kb7 Kxf6 79. c6 1-0

[Event "Saarland-ch MB1"]
[Site "Saarlouis Steinrausch"]
[Date "2005.03.20"]
[Round "3"]
[White "Sonnhalter, Walter"]
[Black "Siebert, Viktor"]
[Result "1-0"]
[WhiteElo "1984"]
[BlackElo "1934"]
[PlyCount "91"]
[EventDate "2005.03.18"]
[EventType "tourn"]
[EventRounds "9"]
[EventCountry "GER"]
[SourceTitle "EXT 2012"]
[Source "ChessBase"]
[SourceDate "2011.11.24"]
[SourceVersion "1"]
[SourceVersionDate "2011.11.24"]
[SourceQuality "1"]

1. e4 e5 2. Bc4 Nf6 3. d3 d5 4. exd5 Nxd5 5. Nf3 Nc6 6. 0-0 Be7 7. Re1 0-0 8. Nxe5 Nxe5 9. Rxe5 Nb6 10. Bb3 Bd6 11. Re1 c5 12. Qh5 c4 13. dxc4 Re8 14. Be3 g6 15. Qf3 Bf5 16. Nc3 Nd7 17. Rad1 Qb8 18. h3 Bh2+ 19. Kh1 Ne5 20. Qd5 Nc6 21. c5 Be6 22. Qg5 Bxb3 23. axb3 Re5 24. Qg4 h5 25. Qc4 Rf5 26. Ne4 Be5 27. Nd6 Rf6 28. Bg5 Rxd6 29. cxd6 Bxd6 30. Re2 Qc7 31. Rde1 Rf8 32. Bh6 Rc8 33. Qc3 Ne5 34. Qxc7 Rxc7 35. Rxe5 Bxe5 36. Rxe5 Rxc2 37. Re8+ Kh7 38. Be3 g5 39. Re7 Kg6 40. Rxb7 Rxb2 41. Bxa7 g4 42. hxg4 hxg4 43. Rb5 f5 44. Be3 f4 45. Bxf4 Rxf2 46. g3 1-0

[Event "Saarland-ch MB1"]
[Site "Saarlouis Steinrausch"]
[Date "2005.03.18"]
[Round "1"]
[White "Schwarz, Karsten"]
[Black "Siebert, Viktor"]
[Result "1-0"]
[WhiteElo "1995"]
[BlackElo "1934"]
[PlyCount "85"]
[EventDate "2005.03.18"]
[EventType "tourn"]
[EventRounds "9"]
[EventCountry "GER"]
[SourceTitle "EXT 2012"]
[Source "ChessBase"]
[SourceDate "2011.11.24"]
[SourceVersion "1"]
[SourceVersionDate "2011.11.24"]
[SourceQuality "1"]

1. e4 e5 2. Nf3 Nc6 3. Bb5 a6 4. Bxc6 dxc6 5. d4 Bg4 6. dxe5 Qxd1+ 7. Kxd1 Ne7 8. h3 Bxf3+ 9. gxf3 Ng6 10. f4 0-0-0+ 11. Ke2 Bb4 12. Be3 Rde8 13. c3 Be7 14. Nd2 f6 15. exf6 gxf6 16. f5 Ne5 17. Bd4 Nd7 18. f3 c5 19. Be3 Ne5 20. Bf4 Nc6 21. Nc4 Bd8 22. Rad1 b5 23. Ne3 Ne7 24. Kf2 Rhg8 25. Rhg1 c4 26. Rxg8 Rxg8 27. Rg1 Rxg1 28. Kxg1 Ng8 29. Kf2 Kd7 30. Ke2 c6 31. Nc2 a5 32. Be3 Be7 33. a3 c5 34. f4 Nh6 35. Bf2 a4 36. Ne3 Nf7 37. Kf3 Bd8 38. Nd5 b4 39. Bxc5 bxa3 40. Bxa3 Nd6 41. Bxd6 Kxd6 42. Nxf6 Bxf6 43. e5+ 1-0